<?xml version="1.0" encoding="UTF-8"?>
<record
    xmlns:xsi="http://www.w3.org/2001/XMLSchema-instance"
    xsi:schemaLocation="http://www.loc.gov/MARC21/slim http://www.loc.gov/standards/marcxml/schema/MARC21slim.xsd"
    xmlns="http://www.loc.gov/MARC21/slim">

  <leader>02085nam a2200289Ia 4500</leader>
  <controlfield tag="001">H6317</controlfield>
  <controlfield tag="003">IT-RoPAU</controlfield>
  <controlfield tag="008">130308s9999    xx            000 0 und d</controlfield>
  <datafield tag="040" ind1=" " ind2=" ">
    <subfield code="a">IT-RoPAU</subfield>
  </datafield>
  <datafield tag="040" ind1=" " ind2=" ">
    <subfield code="c">IT-RoPAU</subfield>
  </datafield>
  <datafield tag="041" ind1=" " ind2=" ">
    <subfield code="a">ITALIANO</subfield>
  </datafield>
  <datafield tag="100" ind1=" " ind2=" ">
    <subfield code="a">Madesani Angela</subfield>
  </datafield>
  <datafield tag="100" ind1=" " ind2=" ">
    <subfield code="g">Codice Aut. SPICS: 58476</subfield>
  </datafield>
  <datafield tag="245" ind1=" " ind2=" ">
    <subfield code="a">Storia della fotografia</subfield>
  </datafield>
  <datafield tag="245" ind1=" " ind2=" ">
    <subfield code="b">Storia della Fotografia</subfield>
  </datafield>
  <datafield tag="250" ind1=" " ind2=" ">
    <subfield code="a">1a ed.</subfield>
  </datafield>
  <datafield tag="260" ind1=" " ind2=" ">
    <subfield code="a">MILANO</subfield>
  </datafield>
  <datafield tag="260" ind1=" " ind2=" ">
    <subfield code="b">Mondadori Bruno</subfield>
  </datafield>
  <datafield tag="260" ind1=" " ind2=" ">
    <subfield code="c">2005 [1&#xB0; Ed.:2005 - Ed.Ling.Originale:2005]</subfield>
  </datafield>
  <datafield tag="300" ind1=" " ind2=" ">
    <subfield code="a">"416 p. (prefazione: 10; testo: 406 [pagine: 0-0])"</subfield>
  </datafield>
  <datafield tag="500" ind1=" " ind2=" ">
    <subfield code="a">"Premessa Eringraziamneti. Presupposti: Esordi; Primi Decenni; Qualche Anno+ Tardi; fotografia e Scienza (Schede: William H. Fox Talbot; Mathew B. Brady; Roger Fenton; Robert Adamson e David O. Hill; Nadar; Henri le Secq; felice Beato; Timithy O'Sullivan; Eadweard Muybridge; Lewis Carroll; Julia Margaret Cameron; Eugene Atget; Guillaume Duchenne De Boulogne). Pittorialismo: (Schede: Alfred Stieglitz; camera Work; Edward J. Steichen; Paul Strand;Leon Robert Demachy; Wilhelm Von Gloden; Giorgio Sommer). Dal Pittorismo Alla fotografia Diretta (Schede: Alexandr Rodcenko; Bauhaus; August Sander; Raoul Hausmann; Karl Blossfeldt; Albert Renger Patzsch; Andre' Kertesz; Alfred Eisenstaedt; John Heartfield; Bill Brandt; Man Ray; Cecil Beaton; Luigiveronesi; fotografia Futurista; Occhio Quadrato; Ghitta Carell; Federico Patellani; Brassai; Florence Henri; Jacques Henri Lartigue; Edward Weston...). Dagli Anni '40 Ai '60: Italia; intervista a Uliano Lucas (Schede Robert Capa; Henri Cartier Bresson; Chim; William Klein...). fotografia di moda (Schede Helmut Newton; Bruce Weber; Erwin Blumenfeld...). Arte e fotografia tra Anni '60 e '70: Conversazione con Franco Vaccari. Dagli Anni '80 a Oggi,Intervista a Mauro Ghiglione. Anni '80 e '90, intervista a Gabriele Basilico. Il Digitale. Appendice: professioni Fotografia, interviste Varie. Biblio"</subfield>
  </datafield>
  <datafield tag="650" ind1=" " ind2=" ">
    <subfield code="a">STORIA DELLA FOTOGRAFIA</subfield>
  </datafield>
  <datafield tag="650" ind1=" " ind2=" ">
    <subfield code="e">Codice materia Spics: 6758</subfield>
  </datafield>
  <datafield tag="942" ind1=" " ind2=" ">
    <subfield code="c">BK</subfield>
  </datafield>
  <datafield tag="957" ind1=" " ind2=" ">
    <subfield code="7">1</subfield>
  </datafield>
  <datafield tag="999" ind1=" " ind2=" ">
    <subfield code="c">92614</subfield>
    <subfield code="d">92614</subfield>
  </datafield>
  <datafield tag="999" ind1=" " ind2=" ">
    <subfield code="g">1</subfield>
  </datafield>
  <datafield tag="952" ind1=" " ind2=" ">
    <subfield code="0">0</subfield>
    <subfield code="1">0</subfield>
    <subfield code="4">0</subfield>
    <subfield code="6">H_000000000000000_6317</subfield>
    <subfield code="7">1</subfield>
    <subfield code="a">SPICS</subfield>
    <subfield code="b">SPICS</subfield>
    <subfield code="d">2013-03-08</subfield>
    <subfield code="l">0</subfield>
    <subfield code="o">H6317</subfield>
    <subfield code="r">2013-03-08 00:00:00</subfield>
    <subfield code="w">2013-03-08</subfield>
    <subfield code="y">BK</subfield>
    <subfield code="z">Progressivo inserimento:  31746 /  N. Volumi: 1 Copie: 1  / data import: 1 marzo 2013 - By Epidotti, Trombetti, Vaglietti. </subfield>
  </datafield>
</record>
